000 01260nam a2200325Ia 4500
001 ebr10607274
003 CaPaEBR
006 m u
007 cr cn|||||||||
008 110415s2011 dcua sb 001 0ceng d
010 _z 2011015512
020 _z1555815294 (pbk. : alk. paper)
020 _z9781555815295
020 _z9781555817220
040 _aCaPaEBR
_cCaPaEBR
035 _a(OCoLC)813528989
050 1 4 _aRB153
_b.G39 2011eb
100 1 _aGaynes, Robert P.
245 1 0 _aGerm theory
_h[electronic resource] :
_bmedical pioneers in infectious diseases /
_cRobert P. Gaynes.
260 _aWashington, DC :
_bASM Press,
_cc2011.
300 _axii, 329 p. :
_bill.
504 _aIncludes bibliographical references and index.
533 _aElectronic reproduction.
_bPalo Alto, Calif. :
_cebrary,
_d2011.
_nAvailable via World Wide Web.
_nAccess may be limited to ebrary affiliated libraries.
650 0 _aGerm theory of disease
_xHistory.
650 0 _aMedical scientists
_vBiography.
650 0 _aMicrobiologists
_vBiography.
655 7 _aElectronic books.
_2local
710 2 _aebrary, Inc.
856 4 0 _uhttp://site.ebrary.com/lib/rucke/Doc?id=10607274
_zAn electronic book accessible through the World Wide Web; click to view
999 _c97718
_d97718